University Home | Library Home | Institutional Repository

Frisch und Durrenmatt. (Record no. 186992)

MARC details
000 -LEADER
fixed length control field 00784cam5a220025300 4500
001 - CONTROL NUMBER
control field qcf00002780
005 - DATE AND TIME OF LATEST TRANSACTION
control field 20190830105548.0
008 - FIXED-LENGTH DATA ELEMENTS--GENERAL INFORMATION
fixed length control field 721002s1971 sz b 000 0cger
010 ## - LIBRARY OF CONGRESS CONTROL NUMBER
LC control number 71869108
035 ## - SYSTEM CONTROL NUMBER
System control number (Sirsi) r26411
035 ## - SYSTEM CONTROL NUMBER
System control number (QCAT)lss00299319
035 ## - SYSTEM CONTROL NUMBER
System control number (UPRA)qcf00002780
040 ## - CATALOGING SOURCE
Modifying agency UPRA
050 0# - LIBRARY OF CONGRESS CALL NUMBER
Classification number PT2611.R814
Item number Z58 1971
100 1# - MAIN ENTRY--PERSONAL NAME
Personal name Banziger, Hans, 1917-
Dates associated with a name Banziger, Hans, 1917-
Linkage A90128.1
245 10 - TITLE STATEMENT
Title Frisch und Durrenmatt.
250 ## - EDITION STATEMENT
Edition statement 6., neu bearb. Aufl.
260 ## - PUBLICATION, DISTRIBUTION, ETC.
Place of publication, distribution, etc. Bern :
Name of publisher, distributor, etc. Francke,
Date of publication, distribution, etc. 1971.
504 ## - BIBLIOGRAPHY, ETC. NOTE
Bibliography, etc. note Includes bibliographical references.
600 10 - SUBJECT ADDED ENTRY--PERSONAL NAME
Personal name Frisch, Max, 1911-
Dates associated with a name Frisch, Max, 1911-
Linkage S64617.1
600 10 - SUBJECT ADDED ENTRY--PERSONAL NAME
Personal name Durrenmatt, Friedrich.
Linkage S64618.1
949 ## - LOCAL PROCESSING INFORMATION (OCLC)
a PT2611.R814
w lcc
i -27153
m MAIN
t BOOK
l ON-SHELF

No items available.

© 2026 - The University of Zambia Library - Koha v25.11